[Event "EU-ch U18"]
[Site "Vejen"]
[Date "1993.??.??"]
[Round "4"]
[White "Van Beers, Eddy"]
[Black "Hebesberger, Thomas"]
[Result "1-0"]
[WhiteElo "2175"]
[BlackElo "2175"]
[PlyCount "59"]
[EventDate "1993.??.??"]
[EventType "swiss"]
[EventRounds "11"]
[EventCountry "DEN"]
[Source "ChessBase"]
[SourceDate "1998.11.10"]

1. d4 Nf6 2. c4 g6 3. Nc3 Bg7 4. e4 d6 5. f3 O-O 6. Be3 a6 7. Bd3 c5 8. Nge2
cxd4 9. Nxd4 Nc6 10. Qd2 Ne5 11. Be2 Bd7 12. Rc1 Rc8 13. b3 e6 14. O-O Qc7 15.
Rfd1 Rfd8 16. a4 b6 17. Qa2 Nc6 18. Nxc6 Bxc6 19. Nd5 exd5 20. cxd5 Qb7 21.
dxc6 Rxc6 22. Rxc6 Qxc6 23. Bxa6 d5 24. Bb5 Qe6 25. Bf2 Rc8 26. exd5 Nxd5 27.
Bc4 Rxc4 28. bxc4 Nc3 29. Rd8+ Bf8 30. Rxf8+ 1-0

[Event "EU-ch U18"]
[Site "Vejen"]
[Date "1993.??.??"]
[Round "5"]
[White "Babula, Vlastimil"]
[Black "Masserey, Yvan"]
[Result "1-0"]
[WhiteElo "2395"]
[BlackElo "2320"]
[PlyCount "83"]
[EventDate "1993.??.??"]
[EventType "swiss"]
[EventRounds "11"]
[EventCountry "DEN"]
[Source "ChessBase"]
[SourceDate "1998.11.10"]

1. d4 e6 2. c4 Nf6 3. Nc3 Bb4 4. Qc2 O-O 5. a3 Bxc3+ 6. Qxc3 b6 7. Bg5 Bb7 8.
f3 d6 9. e3 Nbd7 10. Bd3 e5 11. Ne2 e4 12. fxe4 Qe8 13. e5 dxe5 14. d5 c6 15.
e4 h6 16. Bh4 Rc8 17. Qd2 cxd5 18. cxd5 Nh5 19. O-O Nc5 20. Bc2 Qb5 21. b4 Ba6
22. Nc3 Qc4 23. Rf3 Nd7 24. Ba4 b5 25. Bd1 f5 26. Bf2 fxe4 27. Be2 Qb3 28. Re3
Nf4 29. Bd1 Qc4 30. Nxe4 Qd4 31. Qxd4 exd4 32. Rg3 Rce8 33. Nd6 Re5 34. Bf3 Rf6
35. Rg6 Ne2+ 36. Bxe2 Rxe2 37. Ne4 Rf5 38. Bxd4 Ne5 39. Rxg7+ Kxg7 40. Ng3 Rg5
41. Nxe2 Kg6 42. Rf1 1-0

[Event "EU-ch U18"]
[Site "Vejen"]
[Date "1993.??.??"]
[Round "5"]
[White "Borovikov, Vladislav"]
[Black "Liiva, Riho"]
[Result "1/2-1/2"]
[WhiteElo "2385"]
[BlackElo "2360"]
[PlyCount "104"]
[EventDate "1993.??.??"]
[EventType "swiss"]
[EventRounds "11"]
[EventCountry "DEN"]
[Source "ChessBase"]
[SourceDate "1998.11.10"]

1. d4 d5 2. c4 c6 3. Nf3 Nf6 4. Nc3 e6 5. Bg5 dxc4 6. a4 Bb4 7. e4 c5 8. Bxc4
cxd4 9. Nxd4 h6 10. Bb5+ Nbd7 11. Bh4 a6 12. Bxd7+ Bxd7 13. O-O g5 14. Bg3 Bxc3
15. bxc3 Nxe4 16. Qh5 Qa5 17. Qf3 Nxg3 18. hxg3 O-O-O 19. Qxf7 e5 20. Nf3 g4
21. Nd2 Rhf8 22. Qb3 Bc6 23. Nc4 Qc5 24. Qb4 Qxb4 25. cxb4 Rd4 26. Rfc1 Kb8 27.
Nxe5 Rd2 28. Nxc6+ bxc6 29. Rf1 Rd4 30. Rab1 Kc7 31. Rfd1 Re4 32. Re1 Rd4 33.
Re7+ Kb6 34. a5+ Kb5 35. Rb7+ Ka4 36. Rb6 Rd2 37. Rf1 Rc2 38. Rxa6 Kxb4 39. Ra7
Ra2 40. Rb7+ Kc5 41. Rg7 h5 42. Rg5+ Kb4 43. Rxh5 c5 44. Rb1+ Kc4 45. Rc1+ Kb4
46. Rb1+ Kc4 47. Rc1+ Kb4 48. Rhxc5 Rfxf2 49. R1c4+ Kb3 50. Rc3+ Kb4 51. R5c4+
Kb5 52. Rc5+ Kb4 1/2-1/2

[Event "EU-ch U18"]
[Site "Vejen"]
[Date "1993.??.??"]
[Round "5"]
[White "Ceteras, Marius"]
[Black "Turner, Matthew"]
[Result "1-0"]
[WhiteElo "2330"]
[BlackElo "2400"]
[PlyCount "76"]
[EventDate "1993.??.??"]
[EventType "swiss"]
[EventRounds "11"]
[EventCountry "DEN"]
[Source "ChessBase"]
[SourceDate "1998.11.10"]

1. d4 Nf6 2. c4 g6 3. Nc3 Bg7 4. e4 d6 5. f3 O-O 6. Nge2 Nc6 7. Be3 a6 8. Qd2
Rb8 9. a3 Bd7 10. b4 e5 11. d5 Ne7 12. Nc1 Nh5 13. Nb3 f5 14. O-O-O Nf6 15. h3
c6 16. dxc6 Bxc6 17. b5 Be8 18. a4 axb5 19. axb5 Nh5 20. Rg1 Ng3 21. Bd3 f4 22.
Bf2 Bf7 23. Kb1 Qc7 24. Nd5 Nxd5 25. cxd5 Ra8 26. Rc1 Qd8 27. Qb4 Qd7 28. Rc2
Rfc8 29. Rgc1 Rxc2 30. Rxc2 Bf6 31. Na5 Be8 32. Rb2 Bd8 33. Nc4 Bc7 34. b6 Ra4
35. Qc3 Bd8 36. Na5 g5 37. Bb5 Qxb5 38. Rxb5 Bxb5 1-0

[Event "EU-ch U18"]
[Site "Vejen"]
[Date "1993.??.??"]
[Round "5"]
[White "Fyllingen, Roy Harald"]
[Black "Izsak, Gyula"]
[Result "0-1"]
[WhiteElo "2330"]
[BlackElo "2385"]
[PlyCount "74"]
[EventDate "1993.??.??"]
[EventType "swiss"]
[EventRounds "11"]
[EventCountry "DEN"]
[Source "ChessBase"]
[SourceDate "1998.11.10"]

1. d4 d5 2. c4 e6 3. Nc3 Nf6 4. Bg5 Be7 5. Nf3 Ne4 6. Bxe7 Qxe7 7. e3 O-O 8.
cxd5 Nxc3 9. bxc3 exd5 10. Bd3 h6 11. Rb1 c5 12. Qd2 Nc6 13. dxc5 a6 14. O-O
Qxc5 15. Rfd1 b5 16. Bc2 Be6 17. a4 bxa4 18. Bxa4 Rfc8 19. Qd3 g6 20. Rbc1 a5
21. Bxc6 Qxc6 22. Ne5 Re8 23. f4 Kg7 24. Rb1 Rab8 25. Qd4 Kg8 26. Rxb8 Rxb8 27.
Ra1 Qb5 28. h3 Qe2 29. Kh2 Rb2 30. Rg1 Qh5 31. Kg3 Qe2 32. Kh2 Rd2 33. Qb6 Kg7
34. Qxa5 Qxe3 35. Ng4 Qxf4+ 36. Kh1 Bxg4 37. hxg4 Qg3 0-1

[Event "EU-ch U18"]
[Site "Vejen"]
[Date "1993.??.??"]
[Round "5"]
[White "Georgiev, Vladimir"]
[Black "Savko, Alexei"]
[Result "0-1"]
[WhiteElo "2430"]
[BlackElo "2340"]
[PlyCount "66"]
[EventDate "1993.??.??"]
[EventType "swiss"]
[EventRounds "11"]
[EventCountry "DEN"]
[Source "ChessBase"]
[SourceDate "1998.11.10"]

1. e4 c5 2. Nf3 Nc6 3. d4 cxd4 4. Nxd4 Nf6 5. Nc3 e5 6. Ndb5 d6 7. Nd5 Nxd5 8.
exd5 Nb8 9. c4 Be7 10. c5 O-O 11. Bc4 Bd7 12. cxd6 Bxb5 13. Bxb5 Qxd6 14. O-O
Rd8 15. Qb3 Nd7 16. Rd1 Nc5 17. Qh3 e4 18. Be3 Qe5 19. Bd4 Qxd5 20. Qg4 Ne6 21.
Bf6 Qxb5 22. Bxe7 Rd7 23. Bf6 h5 24. Qg3 Rxd1+ 25. Rxd1 Qe2 26. Rf1 h4 27. Bxh4
Qxb2 28. a3 Rc8 29. Qe3 Qd4 30. Qg3 Qd2 31. Qe5 Qd3 32. Be7 Nd4 33. h3 Qxf1+
0-1

[Event "EU-ch U18"]
[Site "Vejen"]
[Date "1993.??.??"]
[Round "5"]
[White "Hebesberger, Thomas"]
[Black "Lassila, Erkki"]
[Result "1/2-1/2"]
[WhiteElo "2175"]
[BlackElo "2115"]
[PlyCount "85"]
[EventDate "1993.??.??"]
[EventType "swiss"]
[EventRounds "11"]
[EventCountry "DEN"]
[Source "ChessBase"]
[SourceDate "1998.11.10"]

1. d4 d5 2. Nf3 Nf6 3. Bg5 e6 4. e3 Nbd7 5. Bd3 Be7 6. Nbd2 O-O 7. O-O c5 8. c3
b6 9. Ne5 Nxe5 10. dxe5 Nd7 11. Bxe7 Qxe7 12. f4 Bb7 13. e4 Rfd8 14. Qe2 c4 15.
Bc2 Rac8 16. exd5 Bxd5 17. Rae1 Nc5 18. Nxc4 Bxc4 19. Qxc4 Nd3 20. Qe4 Qc5+ 21.
Re3 Nxb2 22. Kh1 g6 23. Rg3 Nc4 24. Qe1 Rd2 25. Bb3 Rcd8 26. f5 exf5 27. e6
R2d6 28. Qe2 b5 29. exf7+ Kxf7 30. Re1 R6d7 31. Qe6+ Kg7 32. Bxc4 bxc4 33. h4
Rd3 34. Rge3 Rxe3 35. Rxe3 Rd1+ 36. Re1 Rxe1+ 37. Qxe1 Qc7 38. Qe3 Kf7 39. h5
Qe7 40. Qd4 gxh5 41. Qxc4+ Kg6 42. Qd4 h4 43. Kh2 1/2-1/2

[Event "EU-ch U18"]
[Site "Vejen"]
[Date "1993.??.??"]
[Round "5"]
[White "Kempinski, Robert"]
[Black "Rogozenco, Dorian"]
[Result "1/2-1/2"]
[WhiteElo "2370"]
[BlackElo "2500"]
[PlyCount "85"]
[EventDate "1993.??.??"]
[EventType "swiss"]
[EventRounds "11"]
[EventCountry "DEN"]
[Source "ChessBase"]
[SourceDate "1998.11.10"]

1. Nf3 Nf6 2. c4 g6 3. Nc3 d6 4. g3 Bg7 5. Bg2 O-O 6. O-O e5 7. d4 Nbd7 8. e4
c6 9. h3 Ne8 10. Rb1 f5 11. Ng5 Qe7 12. d5 Ndf6 13. dxc6 bxc6 14. exf5 Bxf5 15.
Bxc6 Rc8 16. Nd5 Nxd5 17. Bxd5+ Kh8 18. Ra1 Nf6 19. Be3 h6 20. g4 Nxd5 21. Qxd5
hxg5 22. gxf5 gxf5 23. c5 f4 24. cxd6 Qd7 25. Bd2 Qxh3 26. Qh1 Qxh1+ 27. Kxh1
Rfd8 28. Bb4 Bf8 29. Rad1 Rc2 30. Bc3 Rd7 31. Bxe5+ Bg7 32. Rc1 Rxc1 33. Bxg7+
Kxg7 34. Rxc1 Rxd6 35. Rc7+ Kg6 36. Rxa7 Rd2 37. Kg2 g4 38. Kg1 Rxb2 39. Ra5
Kf6 40. Kf1 f3 41. Kg1 Rc2 42. a3 Ra2 43. a4 1/2-1/2

[Event "EU-ch U18"]
[Site "Vejen"]
[Date "1993.??.??"]
[Round "5"]
[White "Nielsen, Peter Heine"]
[Black "Papaioannou, Ioannis"]
[Result "0-1"]
[WhiteElo "2465"]
[BlackElo "2385"]
[PlyCount "84"]
[EventDate "1993.??.??"]
[EventType "swiss"]
[EventRounds "11"]
[EventCountry "DEN"]
[Source "ChessBase"]
[SourceDate "1998.11.10"]

1. e4 c5 2. Nf3 e6 3. Nc3 d6 4. d4 cxd4 5. Qxd4 Nc6 6. Bb5 Bd7 7. Qd3 a6 8.
Bxc6 bxc6 9. O-O Be7 10. b3 Qc7 11. Re1 d5 12. Bg5 h6 13. Bxe7 Nxe7 14. Na4 O-O
15. Nc5 Qa7 16. b4 a5 17. c3 Bc8 18. e5 Ba6 19. Qd2 Bc4 20. Nd4 Qc7 21. a3 Rfe8
22. Re3 Ng6 23. Rae1 axb4 24. cxb4 Kh8 25. Rg3 Nf8 26. Ree3 Nh7 27. f4 Re7 28.
Qd1 Rg8 29. Qh5 Nf8 30. Rg4 Nh7 31. Reg3 Qc8 32. Nxc6 Rc7 33. Nd4 Rxc5 34. bxc5
Qxc5 35. f5 Be2 36. f6 Qc1+ 37. Kf2 Qf1+ 38. Ke3 Bxg4 39. Qxg4 Qc1+ 40. Kd3 g6
41. Nc2 Rc8 42. Qe2 Qb2 0-1

[Event "EU-ch U18"]
[Site "Vejen"]
[Date "1993.??.??"]
[Round "5"]
[White "Oratovsky, Michael"]
[Black "Kiriakov, Petr"]
[Result "1-0"]
[WhiteElo "2420"]
[BlackElo "2385"]
[PlyCount "71"]
[EventDate "1993.??.??"]
[EventType "swiss"]
[EventRounds "11"]
[EventCountry "DEN"]
[Source "ChessBase"]
[SourceDate "1998.11.10"]

1. e4 e6 2. d3 d5 3. Nd2 g6 4. g3 Bg7 5. Bg2 c5 6. Ngf3 Nc6 7. O-O Nge7 8. Re1
b6 9. exd5 exd5 10. d4 O-O 11. dxc5 bxc5 12. Nb3 Qb6 13. c3 c4 14. Nbd4 Nxd4
15. Nxd4 Bxd4 16. cxd4 Be6 17. b3 cxb3 18. Ba3 Rfe8 19. Bc5 Qc7 20. axb3 a5 21.
h4 h5 22. Qd2 Nf5 23. Re5 Red8 24. Rae1 Ng7 25. Qg5 Kh7 26. Bf1 Re8 27. Bb5 Rg8
28. Qf4 Qd8 29. Bd3 Rb8 30. Rg5 Qd7 31. Qf6 Rge8 32. Rxg6 fxg6 33. Qxg6+ Kg8
34. Qh7+ Kf7 35. Bg6+ Kf6 36. Qh6 1-0

[Event "EU-ch U18"]
[Site "Vejen"]
[Date "1993.??.??"]
[Round "5"]
[White "Peart, Alan"]
[Black "Van Beers, Eddy"]
[Result "0-1"]
[WhiteElo "2115"]
[BlackElo "2175"]
[PlyCount "90"]
[EventDate "1993.??.??"]
[EventType "swiss"]
[EventRounds "11"]
[EventCountry "DEN"]
[Source "ChessBase"]
[SourceDate "1998.11.10"]

1. d4 Nf6 2. c4 c5 3. d5 b5 4. cxb5 a6 5. Nc3 axb5 6. e4 b4 7. Nb5 d6 8. Bc4
Bb7 9. Bf4 Nbd7 10. Nf3 Nb6 11. Bd3 g6 12. e5 dxe5 13. Bxe5 Nbxd5 14. Bc4 Qb6
15. Qe2 Rg8 16. O-O Bh6 17. Rfe1 Rd8 18. a4 Rd7 19. a5 Qd8 20. a6 Ba8 21. Rad1
e6 22. a7 Kf8 23. Bb8 Kg7 24. Ne5 Nf4 25. Qc2 Rxd1 26. Rxd1 Qb6 27. Bc7 Qb7 28.
f3 N4d5 29. Bb8 Ne3 30. Qe2 Nxd1 31. Qxd1 Be3+ 32. Kh1 Nd5 33. Nd6 Qe7 34.
Ndxf7 Bd4 35. Bd6 Qf6 36. Qd2 Be3 37. Qe2 Bd4 38. b3 h6 39. Bxd5 Bxd5 40. Qd2
g5 41. h4 Qf4 42. Qxf4 gxf4 43. Bc7 c4 44. bxc4 Ba8 45. Nd3 Kxf7 0-1

[Event "EU-ch U18"]
[Site "Vejen"]
[Date "1993.??.??"]
[Round "5"]
[White "Pedersen, Steffen"]
[Black "Aagaard, Jacob"]
[Result "0-1"]
[WhiteElo "2385"]
[BlackElo "2255"]
[PlyCount "70"]
[EventDate "1993.??.??"]
[EventType "swiss"]
[EventRounds "11"]
[EventCountry "DEN"]
[Source "ChessBase"]
[SourceDate "1998.11.10"]

1. d4 Nf6 2. c4 c5 3. d5 b5 4. cxb5 a6 5. bxa6 g6 6. Nc3 Bxa6 7. e4 Bxf1 8.
Kxf1 d6 9. g4 Bg7 10. Kg2 Qc8 11. h3 Nbd7 12. Nge2 Nb6 13. Qc2 O-O 14. Rd1 Nfd7
15. a4 Qb7 16. b3 f5 17. f3 fxg4 18. hxg4 Ne5 19. Rf1 Nbd7 20. Rb1 c4 21. b4
Nd3 22. Be3 Qc8 23. g5 N7e5 24. Nd4 Ng4 25. Bg1 Nf4+ 26. Kh1 Nf2+ 27. Rxf2 Bxd4
28. Rh2 Be5 29. Rh4 Nd3 30. Kg2 Rf4 31. Rh1 Qf8 32. Rh3 Rxe4 33. Qxd3 cxd3 34.
Nxe4 Qc8 35. Rd1 Qc4 0-1

[Event "EU-ch U18"]
[Site "Vejen"]
[Date "1993.??.??"]
[Round "5"]
[White "Roberts, Paul"]
[Black "Oms Pallisse, Josep"]
[Result "0-1"]
[WhiteElo "2195"]
[BlackElo "2150"]
[PlyCount "106"]
[EventDate "1993.??.??"]
[EventType "swiss"]
[EventRounds "11"]
[EventCountry "DEN"]
[Source "ChessBase"]
[SourceDate "1998.11.10"]

1. e4 e6 2. d4 d5 3. Nd2 Nf6 4. e5 Nfd7 5. f4 c5 6. c3 Nc6 7. Ndf3 Be7 8. g3 a5
9. a4 cxd4 10. cxd4 Ndb8 11. Ne2 Na6 12. Kf2 Bd7 13. Kg2 Ncb4 14. Nc3 Nc7 15.
Be2 Qb8 16. g4 b5 17. b3 bxa4 18. bxa4 Bc8 19. Rf1 Ba6 20. f5 Qb6 21. Be3 Bxe2
22. Nxe2 Qa6 23. Nf4 Rc8 24. Qd2 Na8 25. Rfc1 Nb6 26. Rxc8+ Qxc8 27. Rc1 Nc4
28. Nh5 O-O 29. Qe2 exf5 30. g5 Qd7 31. Kh1 Qxa4 32. Nf6+ Kh8 33. Nxd5 Nxd5 34.
Rxc4 Qb5 35. Bc1 Nb6 36. Rc2 Qxe2 37. Rxe2 Rc8 38. Bb2 Kg8 39. Ne1 Bxg5 40. Ba3
Nd5 41. Bc5 Be7 42. Nd3 Bxc5 43. Nxc5 Nb4 44. Rd2 g6 45. Kg2 Rd8 46. Kf3 Nc6
47. Ke3 Rd5 48. Na4 Rb5 49. Nc3 Rb4 50. Nd5 Rb3+ 51. Kf4 Kg7 52. Nf6 a4 53. h4
a3 0-1

[Event "EU-ch U18"]
[Site "Vejen"]
[Date "1993.??.??"]
[Round "5"]
[White "Skrebnevskis, Romanas"]
[Black "Antonsen, Mikkel"]
[Result "1-0"]
[WhiteElo "2105"]
[BlackElo "2385"]
[PlyCount "175"]
[EventDate "1993.??.??"]
[EventType "swiss"]
[EventRounds "11"]
[EventCountry "DEN"]
[Source "ChessBase"]
[SourceDate "1998.11.10"]

1. e4 e6 2. d4 d5 3. Nc3 Bb4 4. e5 Ne7 5. a3 Bxc3+ 6. bxc3 c5 7. Qg4 Qc7 8. Bd3
c4 9. Be2 Nf5 10. h4 Bd7 11. Qf3 h5 12. Bg5 Qa5 13. Kd1 Ba4 14. Kc1 Nd7 15. Nh3
f6 16. exf6 gxf6 17. Bd2 O-O-O 18. Nf4 Rde8 19. Nxh5 Nd6 20. Nf4 Ne4 21. Be1 e5
22. Ng6 Rhg8 23. h5 exd4 24. cxd4 Qb6 25. c3 Kb8 26. Bd1 Bb3 27. Nf4 Qd6 28.
Ne2 Ka8 29. h6 Rh8 30. Qf5 Qc6 31. a4 Nb6 32. f3 Nd6 33. Qxf6 Nxa4 34. Bg3 Bxd1
35. Qxd6 Qb5 36. Qb4 Qxb4 37. cxb4 Rxe2 38. Kxd1 Nc3+ 39. Kc1 Re6 40. Kd2 Nb5
41. Bf4 Nxd4 42. Rae1 Rg6 43. Rh2 b5 44. Re7 Nc6 45. Rg7 Re6 46. h7 Ree8 47.
Bd6 d4 48. g4 a5 49. bxa5 b4 50. Rc7 c3+ 51. Kc2 Nxa5 52. Bxb4 Rb8 53. Ba3 Nb3
54. Rh6 Rb7 55. Rxb7 Na1+ 56. Kb1 Kxb7 57. Kxa1 d3 58. Rd6 d2 59. Kb1 Rxh7 60.
Kc2 Rh1 61. g5 Ra1 62. g6 Rxa3 63. g7 Ra8 64. Kxc3 Rg8 65. Kxd2 Rxg7 66. Ke3
Re7+ 67. Kf4 Kc7 68. Rd4 Re8 69. Kg5 Rg8+ 70. Kh5 Kc6 71. f4 Kc5 72. Rd1 Rh8+
73. Kg5 Rg8+ 74. Kh6 Rf8 75. Rf1 Kd6 76. Kh7 Rf5 77. Kg6 Ra5 78. f5 Ra2 79. f6
Rg2+ 80. Kf7 Rg3 81. Kf8 Rg6 82. f7 Rg3 83. Rd1+ Kc7 84. Rd4 Rg2 85. Ke7 Re2+
86. Kf6 Rf2+ 87. Kg6 Rf1 88. Rg4 1-0

[Event "EU-ch U18"]
[Site "Vejen"]
[Date "1993.??.??"]
[Round "5"]
[White "Tratar, Marko"]
[Black "Hedman, Erik"]
[Result "1/2-1/2"]
[WhiteElo "2290"]
[BlackElo "2255"]
[PlyCount "57"]
[EventDate "1993.??.??"]
[EventType "swiss"]
[EventRounds "11"]
[EventCountry "DEN"]
[Source "ChessBase"]
[SourceDate "1998.11.10"]

1. d4 Nf6 2. Nf3 e6 3. g3 d5 4. Bg2 Be7 5. O-O O-O 6. c4 Nbd7 7. Qc2 c6 8. Nbd2
b6 9. b3 Ba6 10. e4 Rc8 11. Re1 c5 12. exd5 exd5 13. Bb2 b5 14. Qf5 g6 15. Qh3
bxc4 16. bxc4 dxc4 17. Ng5 cxd4 18. Bxd4 Bc5 19. Bxf6 Nxf6 20. Nde4 h5 21. Rad1
Qb6 22. Rd6 Nxe4 23. Rxb6 Nxf2 24. Rxg6+ fxg6 25. Qe6+ Kg7 26. Qd7+ Kh6 27. h4
Ng4+ 28. Kh1 Nf2+ 29. Kh2 1/2-1/2

[Event "EU-ch U18"]
[Site "Vejen"]
[Date "1993.??.??"]
[Round "5"]
[White "Vedder, Henk"]
[Black "Aleksandrov, Aleksej"]
[Result "0-1"]
[WhiteElo "2385"]
[BlackElo "2530"]
[PlyCount "84"]
[EventDate "1993.??.??"]
[EventType "swiss"]
[EventRounds "11"]
[EventCountry "DEN"]
[Source "ChessBase"]
[SourceDate "1998.11.10"]

1. e4 e5 2. Nf3 Nc6 3. Bb5 Nf6 4. O-O Nxe4 5. d4 Nd6 6. Bxc6 dxc6 7. dxe5 Nf5
8. Qe2 Nd4 9. Nxd4 Qxd4 10. Nd2 Bf5 11. Nb3 Qe4 12. Qxe4 Bxe4 13. c3 O-O-O 14.
Be3 b6 15. Rfd1 Be7 16. f3 Bg6 17. Kf2 a5 18. Nd4 Kb7 19. Ne2 a4 20. Nf4 Bc2
21. Rdc1 Bf5 22. g4 Bc8 23. a3 g6 24. Rd1 Rde8 25. Kg3 h5 26. Ng2 hxg4 27. fxg4
Be6 28. Rd4 Bb3 29. Re1 Rh7 30. Re2 Bf8 31. Bf2 f6 32. Rde4 fxe5 33. Nh4 Bd5
34. R4e3 g5 35. Nf5 Bc5 36. Rxe5 Bxf2+ 37. Kxf2 Rxe5 38. Rxe5 Rxh2+ 39. Ke3
Rxb2 40. Nd4 Ra2 41. Rxg5 Rxa3 42. Kd3 Ra2 0-1

[Event "EU-ch U18"]
[Site "Vejen"]
[Date "1993.??.??"]
[Round "6"]
[White "Aagaard, Jacob"]
[Black "Borovikov, Vladislav"]
[Result "0-1"]
[WhiteElo "2255"]
[BlackElo "2385"]
[PlyCount "76"]
[EventDate "1993.??.??"]
[EventType "swiss"]
[EventRounds "11"]
[EventCountry "DEN"]
[Source "ChessBase"]
[SourceDate "1998.11.10"]

1. d4 d5 2. c4 e6 3. Nc3 c6 4. Nf3 Nf6 5. Bg5 dxc4 6. e4 b5 7. e5 h6 8. Bh4 g5
9. Nxg5 hxg5 10. Bxg5 Nbd7 11. exf6 Bb7 12. g3 c5 13. d5 Qc7 14. Bg2 Qe5+ 15.
Qe2 O-O-O 16. dxe6 Qxe2+ 17. Kxe2 Bxg2 18. exd7+ Rxd7 19. Rhd1 b4 20. Rxd7 Kxd7
21. Nd1 Be4 22. Ne3 Bd3+ 23. Kf3 Kc6 24. Rd1 Bd6 25. b3 cxb3 26. axb3 Bg6 27.
Nd5 c4 28. Ne7+ Bxe7 29. fxe7 cxb3 30. Bf6 Re8 31. Rd8 Rxe7 32. Bxe7 b2 33. Rd1
a5 34. Ke3 Kb5 35. f4 a4 36. g4 Bc2 37. Rh1 a3 38. Bf6 b3 0-1

[Event "EU-ch U18"]
[Site "Vejen"]
[Date "1993.??.??"]
[Round "6"]
[White "Antonsen, Mikkel"]
[Black "Nilssen, John Arni"]
[Result "1/2-1/2"]
[WhiteElo "2385"]
[BlackElo "2265"]
[PlyCount "62"]
[EventDate "1993.??.??"]
[EventType "swiss"]
[EventRounds "11"]
[EventCountry "DEN"]
[Source "ChessBase"]
[SourceDate "1998.11.10"]

1. d4 Nf6 2. c4 e6 3. Nf3 b6 4. g3 Ba6 5. b3 Bb4+ 6. Bd2 Be7 7. Bg2 c6 8. Bc3
Ne4 9. O-O Nxc3 10. Nxc3 d5 11. Ne5 O-O 12. e4 f6 13. Nxc6 Nxc6 14. exd5 Bb4
15. Ne2 Ne7 16. dxe6 Rc8 17. a3 Bd6 18. a4 f5 19. f4 Rf6 20. d5 Bb7 21. Kh1 Bc5
22. Ng1 Qd6 23. Nf3 Nxd5 24. cxd5 Bxd5 25. e7 Bxf3 26. Qxf3 Qxe7 27. Rfe1 Qf8
28. Rad1 a5 29. Qb7 Re8 30. Re5 Kh8 31. Rd7 Rd8 1/2-1/2

[Event "EU-ch U18"]
[Site "Vejen"]
[Date "1993.??.??"]
[Round "6"]
[White "Danielian, Oganes"]
[Black "Ceteras, Marius"]
[Result "1-0"]
[WhiteElo "2460"]
[BlackElo "2330"]
[PlyCount "35"]
[EventDate "1993.??.??"]
[EventType "swiss"]
[EventRounds "11"]
[EventCountry "DEN"]
[Source "ChessBase"]
[SourceDate "1998.11.10"]

1. d4 d5 2. c4 c6 3. Nc3 Nf6 4. Nf3 e6 5. Bg5 dxc4 6. a4 Bb4 7. e4 Bxc3+ 8.
bxc3 Qa5 9. e5 Ne4 10. Bd2 Qd5 11. Qc2 c5 12. Be3 Nc6 13. O-O-O cxd4 14. Nxd4
Nc5 15. Nb5 Nb3+ 16. Kb2 Qxe5 17. Nd6+ Ke7 18. Nxc4 1-0

[Event "EU-ch U18"]
[Site "Vejen"]
[Date "1993.??.??"]
[Round "6"]
[White "Guliev, Logman"]
[Black "Van Beers, Eddy"]
[Result "1-0"]
[WhiteElo "2315"]
[BlackElo "2175"]
[PlyCount "75"]
[EventDate "1993.??.??"]
[EventType "swiss"]
[EventRounds "11"]
[EventCountry "DEN"]
[Source "ChessBase"]
[SourceDate "1998.11.10"]

1. e4 e5 2. Nf3 Nc6 3. Bb5 f5 4. Nc3 fxe4 5. Nxe4 Nf6 6. Ng3 e4 7. Qe2 Qe7 8.
Bxc6 bxc6 9. Nd4 Qe5 10. Ndf5 g6 11. d4 Qb5 12. Qxb5 cxb5 13. Ne3 Bb7 14. Bd2
c5 15. dxc5 Bxc5 16. O-O-O O-O 17. h3 b4 18. Ne2 Nh5 19. Be1 Rad8 20. Nd4 Nf4
21. Kb1 Rf6 22. g3 Nh5 23. Nb3 Bf8 24. Rd4 d5 25. Rd1 Rb6 26. c4 bxc3 27. Bxc3
Re6 28. Rd2 Ree8 29. Rhd1 Bh6 30. Bd4 a6 31. Rc2 Rc8 32. Nc5 Bxe3 33. Bxe3 Bc6
34. Nxa6 Bb5 35. Rxc8 Rxc8 36. Nb4 Rd8 37. Rxd5 Bd3+ 38. Kc1 1-0

[Event "EU-ch U18"]
[Site "Vejen"]
[Date "1993.??.??"]
[Round "6"]
[White "Huberty, Marc"]
[Black "Oms Pallisse, Josep"]
[Result "1-0"]
[WhiteElo "2130"]
[BlackElo "2150"]
[PlyCount "77"]
[EventDate "1993.??.??"]
[EventType "swiss"]
[EventRounds "11"]
[EventCountry "DEN"]
[Source "ChessBase"]
[SourceDate "1998.11.10"]

1. e4 d6 2. d4 Nf6 3. f3 e5 4. d5 Be7 5. c4 Nbd7 6. Bd3 Nh5 7. Be3 O-O 8. Ne2
Bg5 9. Bf2 Nf4 10. Nxf4 Bxf4 11. Nc3 a5 12. Ne2 Qg5 13. Nxf4 exf4 14. O-O Ne5
15. Bd4 b6 16. b3 f6 17. a3 Bd7 18. Qe2 h5 19. Kh1 h4 20. Rg1 Qh5 21. Qf1 Kf7
22. Be2 Rh8 23. b4 Rh6 24. c5 bxc5 25. bxc5 Rah8 26. Rb1 Bc8 27. cxd6 cxd6 28.
Rb6 Rg6 29. h3 Rd8 30. Qc1 Rg3 31. Qc7+ Ke8 32. Rxd6 Rxd6 33. Qxc8+ Kf7 34. Bb5
Rxh3+ 35. Qxh3 Kg8 36. Rc1 Kh7 37. Rc8 Nf7 38. Be8 Kh6 39. Bxf7 1-0

[Event "EU-ch U18"]
[Site "Vejen"]
[Date "1993.??.??"]
[Round "6"]
[White "Masserey, Yvan"]
[Black "Kekelidze, Mikheil"]
[Result "1/2-1/2"]
[WhiteElo "2320"]
[BlackElo "2230"]
[PlyCount "121"]
[EventDate "1993.??.??"]
[EventType "swiss"]
[EventRounds "11"]
[EventCountry "DEN"]
[Source "ChessBase"]
[SourceDate "1998.11.10"]

1. e4 c5 2. Nf3 e6 3. d4 cxd4 4. Nxd4 a6 5. Bd3 Nf6 6. Qe2 d6 7. O-O Nc6 8.
Nxc6 bxc6 9. f4 e5 10. Nd2 Be7 11. Nc4 Be6 12. Kh1 Qc7 13. Bd2 Nd7 14. Rae1
exf4 15. Bxf4 Ne5 16. Nxe5 dxe5 17. Be3 O-O 18. Bc4 Bxc4 19. Qxc4 Qb7 20. b3
Qb5 21. Qe2 Qxe2 22. Rxe2 Rad8 23. Rd2 Bb4 24. Rdd1 f6 25. Bb6 Rb8 26. Be3 Rfd8
27. Kg1 Kf7 28. Kf2 Ke6 29. Ke2 g6 30. Bd2 Bxd2 31. Rxd2 Rxd2+ 32. Kxd2 Rd8+
33. Ke3 f5 34. exf5+ gxf5 35. g3 h5 36. Ke2 e4 37. Rf4 Ke5 38. Rh4 Rh8 39. Ke3
c5 40. Ke2 Kf6 41. Ke3 Kg5 42. Ke2 c4 43. Ke3 c3 44. Rf4 Rd8 45. Rf2 Rd5 46.
Rf4 Rd8 47. Rf2 Rd7 48. Rf4 Rd5 49. a3 a5 50. b4 axb4 51. axb4 Rd2 52. Rf2 Rxf2
53. Kxf2 Kf6 54. Ke3 Ke5 55. h3 Kd5 56. b5 Kc5 57. b6 Kxb6 58. Kd4 Kb5 59. Kxc3
Kc5 60. Kd2 Kd4 61. Ke2 1/2-1/2

[Event "EU-ch U18"]
[Site "Vejen"]
[Date "1993.??.??"]
[Round "6"]
[White "Petrov, Jole"]
[Black "Lassila, Erkki"]
[Result "1-0"]
[WhiteElo "2360"]
[BlackElo "2115"]
[PlyCount "61"]
[EventDate "1993.??.??"]
[EventType "swiss"]
[EventRounds "11"]
[EventCountry "DEN"]
[Source "ChessBase"]
[SourceDate "1998.11.10"]

1. e4 c5 2. Nc3 Nc6 3. g3 g6 4. Bg2 Bg7 5. d3 e6 6. Be3 b6 7. Qd2 Nge7 8. Bh6
O-O 9. h4 Re8 10. Bxg7 Kxg7 11. h5 Ng8 12. O-O-O d6 13. Nge2 Nd4 14. e5 Rb8 15.
hxg6 fxg6 16. Rh4 Nxe2+ 17. Nxe2 dxe5 18. Rdh1 h5 19. g4 Bb7 20. Bxb7 Rxb7 21.
gxh5 g5 22. h6+ Kh7 23. Rh5 Rf8 24. Qe3 Rf5 25. Ng3 Rf4 26. Ne4 Qd5 27. Rxg5
Rbf7 28. Rg7+ Kh8 29. Qg3 Ne7 30. Rg1 Qxa2 31. Rxf7 1-0

[Event "EU-ch U18"]
[Site "Vejen"]
[Date "1993.??.??"]
[Round "6"]
[White "Roberts, Paul"]
[Black "Hebesberger, Thomas"]
[Result "0-1"]
[WhiteElo "2195"]
[BlackElo "2175"]
[PlyCount "40"]
[EventDate "1993.??.??"]
[EventType "swiss"]
[EventRounds "11"]
[EventCountry "DEN"]
[Source "ChessBase"]
[SourceDate "1998.11.10"]

1. e4 c5 2. c3 d5 3. exd5 Nf6 4. d4 cxd4 5. Qxd4 Nxd5 6. c4 Qa5+ 7. Bd2 Nb4 8.
Qc3 N8c6 9. Nf3 Bf5 10. Na3 e6 11. Be2 Nd3+ 12. Bxd3 Qxc3 13. Bxc3 Bxd3 14. Nb5
O-O-O 15. b3 Nb4 16. Na3 f6 17. Nd4 Bc5 18. Ne2 Rd7 19. Ng3 Rhd8 20. h4 Nc6 0-1